Kraje świata (Bardzo trudne +) - Statystyki

Ogólne statystyki
  • Ten quiz został rozwiązany 50 razy
    31 od ostatniego zresetowania
  • Średni wynik to 65 z 298
Statystyki odpowiedzi
Stolica Kraj % Poprawnych
Meksyk Meksyk
60%
San Marino San Marino
60%
Berlin Niemcy
56%
Warszawa Polska
56%
Moskwa Rosja
56%
Kijów Ukraina
56%
Watykan Watykan
56%
Rzym Włochy
56%
Andora Andora
52%
Kuwejt Kuwejt
52%
Luksemburg Luksemburg
52%
Londyn Wielka Brytania
52%
Mińsk Białoruś
48%
Madryt Hiszpania
48%
Hong Kong Hong Kong
48%
Tokio Japonia
48%
Seul Korea Południowa
48%
Monako Monako
48%
Panama Panama
48%
San Salvador Salwador
48%
Sztokholm Szwecja
48%
Wiedeń Austria
44%
Pekin Chiny
44%
Kair Egipt
44%
Manila Filipiny
44%
Paryż Francja
44%
Gibraltar Gibraltar
44%
Ateny Grecja
44%
Gwatemala Gwatemala
44%
Bissau Gwinea Bissau
44%
Singapur Singapur
44%
Canberra Australia
40%
Bruksela Belgia
40%
Brasília Brazylia
40%
Praga Czechy
40%
Dżibuti Dżibuti
40%
Tallinn Estonia
40%
Helsinki Finlandia
40%
Amsterdam Holandia
40%
Jerozolima Izrael
40%
Pjongjang Korea Północna
40%
Hawana Kuba
40%
Ryga Łotwa
40%
Makau Makau
40%
Kiszyniów Mołdawia
40%
Bratysława Słowacja
40%
Waszyngton Stany Zjednoczone
40%
Bangkok Tajlandia
40%
Tunis Tunezja
40%
Budapeszt Węgry
40%
Algier Algieria
36%
Erywań Armenia
36%
Dhaka Bangladesz
36%
Sofia Bułgaria
36%
Dublin Irlandia
36%
Belfast Irlandia Północna
36%
Phnom Penh Kambodża
36%
Antananarywa Madagaskar
36%
Wellington Nowa Zelandia
36%
Lizbona Portugalia
36%
Bukareszt Rumunia
36%
Belgrad Serbia
36%
Ankara Turcja
36%
Tirana Albania
32%
Rijad Arabia Saudyjska
32%
Buenos Aires Argentyna
32%
Baku Azerbejdżan
32%
Sarajewo Bośnia i Hercegowina
32%
Nikozja Cypr
32%
Kopenhaga Dania
32%
Nowe Delhi Indie
32%
Dżakarta Indonezja
32%
Reykjavík Islandia
32%
Astana Kazachstan
32%
Wilno Litwa
32%
Skopje Macedonia Pólnocna
32%
Kuala Lumpur Malezja
32%
Oslo Norwegia
32%
Pretoria/ Kapsztad/ Bloemfontein Republika Południowej Afryki
32%
Sri Dźajawardanapura Kotte Sri Lanka
32%
Edynburg Szkocja
32%
Tajpej Tajwan
32%
Hanoi Wietnam
32%
Honiara Wyspy Salomona
32%
Zanzibar Zanzibar
32%
Abu Zabi Zjednoczone Emiraty Arabskie
32%
Kabul Afganistan
28%
Monachium Bawaria
28%
Santiago Chile
28%
Zagrzeb Chorwacja
28%
Tbilisi Gruzja
28%
Tegucigalpa Honduras
28%
Teheran Iran
28%
Ottawa Kanada
28%
Nairobi Kenia
28%
Bairiki / Tarawa Kiribati
28%
Bogota Kolumbia
28%
Prisztina Kosowo
28%
Vaduz Liechtenstein
28%
Male Malediwy
28%
Valetta Malta
28%
Rabat Maroko
28%
Naypyidaw Mjanma
28%
Ułan Bator Mongolia
28%
Katmandu Nepal
28%
Islamabad Pakistan
28%
Lima Peru
28%
Dakar Senegal
28%
Lublana Słowenia
28%
Mogadiszu Somalia
28%
Palermo Sycylia
28%
Damaszek Syria
28%
Berno Szwajcaria
28%
Nuku‘alofa Tonga
28%
Montevideo Urugwaj
28%
Cardiff Walia
28%
Caracas Wenezuela
28%
Bridgetown Barbados
24%
Sucre/ La paz Boliwia
24%
Bandar Seri Begawan Brunei
24%
Wagadugu Burkina Faso
24%
Podgorica Czarnogóra
24%
Quito Ekwador
24%
Asmara Erytrea
24%
Addis Abeba Etiopia
24%
Suva Fidżi
24%
Nuuk Grenlandia
24%
Port-au-Prince Haiti
24%
Honolulu Hawaje
24%
Bagdad Irak
24%
Sana Jemen
24%
Amman Jordania
24%
Barcelona Katalonia
24%
Doha Katar
24%
Biszkek Kirgistan
24%
Brazzaville Kongo
24%
Bamako Mali
24%
Palikir Mikronezja
24%
Windhuk Namibia
24%
Yaren Nauru
24%
Asunción Paragwaj
24%
Apia Samoa
24%
São Tomé Wyspy Świętego Tomasza i Książeca
24%
Manama Bahrajn
20%
Thimphu Bhutan
20%
Kinszasa Demokratyczna Republika Konga
20%
Santo Domingo Dominikana
20%
Akra Ghana
20%
Georgetown Gujana
20%
Konakry Gwinea
20%
Kingston Jamajka
20%
Wientian Laos
20%
Bejrut Liban
20%
Trypolis Libia
20%
Maputo Mozambik
20%
Maskat Oman
20%
Port Moresby Papua-Nowa Gwinea
20%
Port of Spain Trynidad i Tobago
20%
Aszchabad Turkmenistan
20%
Taszkent Uzbekistan
20%
Jamusukro Wybrzeże Kości Słoniowej
20%
Nassau Bahamy
16%
Belmopan Belize
16%
Gaborone Botswana
16%
Grozny Czeczenia
16%
Roseau Dominika
16%
Jakuck Jakucja
16%
San José Kostaryka
16%
Maseru Lesotho
16%
Lilongwe Malawi
16%
Tyraspol Naddniestrze
16%
Tuluza Oksytania
16%
Ngerulmud Palau
16%
Ramallah Palestyna
16%
Adamstown Pitcairn
16%
Bangi Republika Środkowoafrykańska
16%
Saint-Pierre Saint-Pierre i Miquelon
16%
Victoria Seszele
16%
Freetown Sierra Leone
16%
Chartum Sudan
16%
Paramaribo Surinam
16%
Duszanbe Tadżykistan
16%
Dili Timor Wschodni
16%
Lomé Togo
16%
Vaiaku / Funafuti Tuvalu
16%
Port Vila Vanuatu
16%
Lusaka Zambia
16%
Harare Zimbabwe
16%
Luanda Angola
12%
Saint John's Antigua i Barbuda
12%
Porto-Novo Benin
12%
Willemstad Curaçao
12%
Ndżamena Czad
12%
Saint George's Grenada
12%
Sapporo Hokkaido
12%
Port Louis Mauritius
12%
Abudża Nigeria
12%
Managua Nikaragua
12%
Alofi Niue
12%
San Juan Portoryko
12%
Basseterre Saint Kitts i Nevis
12%
Castries Saint Lucia
12%
Kingstown Saint Vincent i Grenadyny
12%
Urumczi Sinciang
12%
Edinburgh of the Seven Seas Tristan da Cunha
12%
Lhasa Tybetański Region Autonomiczny
12%
Kampala Uganda
12%
Hanga Roa Wyspa Wielkanocna
12%
Flying Fish Cove Wyspy Bożego Narodzenia
12%
Delap / Majuro Wyspy Marshalla
12%
Thorshavn Wyspy Owcze
12%
Gornoałtajsk Ałtaj
8%
Gitega Burundi
8%
Aosta Dolina Aosty
8%
Mbabane Eswatini
8%
Libreville Gabon
8%
Bandżul Gambia
8%
Hagåtña Guam
8%
Ciudad de la Paz Gwinea Równikowa
8%
Saint Helier Jersey
8%
George Town Kajmany
8%
Jaunde Kamerun
8%
Moroni Komory
8%
Monrovia Liberia
8%
Fort-de-France Martynika
8%
Nawakszut Mauretania
8%
Niamey Niger
8%
Władykaukaz Osetia Północna
8%
Papeete Polinezja Francuska
8%
Praia Republika Zielonego Przylądka
8%
Kigali Rwanda
8%
Al-Ujun Sahara Zachodnia
8%
Pago Pago / Fagatogo Samoa Amerykańskie
8%
Cagliari Sardynia
8%
Dżuba Sudan Południowy
8%
Dodoma Tanzania
8%
Kazań Tatarstan
8%
Iżewsk Udmurcja
8%
Douglas Wyspa Man
8%
Suchumi Abchazja
4%
Majkop Adygeja
4%
Batumi Adżaria
4%
The Valley Anguilla
4%
Oranjestad Aruba/ Sint Eustatius
4%
Ufa Baszkortostan
4%
Hamilton Bermudy
4%
Road Town Brytyjskie Wyspy Dziewicze
4%
Ułan Ude Buriacja
4%
Abakan Chakasja
4%
Czeboksary Czuwaszja
4%
Machaczkała Dagestan
4%
Stanley Falklandy
4%
Saint Pierre Francuskie Terytoria Południowe i Antarktyczne
4%
Triest Friuli-Wenecja Julijska
4%
Komrat Gagauzja
4%
Saint Peter Port Guernsey
4%
Kajenna Gujana Francuska
4%
Basse-Terre Gwadelupa
4%
Nalczyk Kabardo-Bałkaria
4%
Elista Kałmucja
4%
Czerkiesk Karaczajo-Czerkiesja
4%
Nukus Karakałpacja
4%
Pietrozawodsk Karelia
4%
Vitoria-Gasteiz Kraj Basków
4%
Irbil / Kirkuk Kurdystan
4%
Mamoudzou Majotta
4%
Capital Hill / Saipan Mariany Północne
4%
Joszkar-Oła Mari El
4%
Sarańsk Mordowia
4%
Kingston Norfolk
4%
Numea Nowa Kaledonia
4%
Cchinwali Osetia Południowa
4%
Saint-Denis Reunion
4%
Gustavia Saint-Barthélemy
4%
Hargejsa Somaliland
4%
Longyearbyen Svalbard
4%
Trydent Trydent-Górna Adyga
4%
Cockburn Town Turks i Caicos
4%
Nowy Sad Wojwodina
4%
Jamestown Wyspa Świętej Heleny
4%
Maarianhamina Wyspy Alandzkie
4%
Avarua Wyspy Cooka
4%
Charlotte Amalie Wyspy Dziewicze Stanów Zjednoczonych
4%
West Island Wyspy Kokosowe
4%
Kralendijk Bonaire
0%
Diego Garcia Brytyjskie Terytorium Oceanu Indyjskiego
0%
Chorog Górski Badachszan
0%
Magas Inguszetia
0%
Syktywkar Komi
0%
Plymouth/ Brades Montserrat
0%
Naha Okinawa
0%
The Bottom Saba
0%
Marigot Saint-Martin
0%
Philipsburgh Sint Maarten
0%
Atafu Tokelau
0%
Kyzył Tuwa
0%
Mata Utu Wallis i Futuna
0%
Georgetown Wyspa Wniebowstąpienia
0%
Nie znaleziono quizów pasujących do podanych kryteriów
Rozkład punktacji
Procent ludzi z każdym wynikiem
Percentyl według liczby udzielonych odpowiedzi
Twoja historia wyników
Nie rozwiązałeś tego quizu od ostatniego zresetowania